[Event "Budapest-chT1 Lilienthal 1011"]
[Site "Budapest"]
[Date "2010.10.31"]
[Round "3"]
[White "Kommar, Imre"]
[Black "Kertesz, Zsolt"]
[Result "0-1"]
[WhiteElo "2150"]
[BlackElo "2058"]
[PlyCount "36"]
[EventDate "2010.09.19"]
[EventType "team-tourn"]
[EventRounds "11"]
[EventCountry "HUN"]
[SourceTitle "EXT 2020"]
[Source "ChessBase"]
[SourceDate "2019.10.17"]
[SourceVersion "1"]
[SourceVersionDate "2019.10.17"]
[SourceQuality "1"]
[WhiteTeam "Budapest Ujpest KSE"]
[BlackTeam "Fabulon"]
[WhiteTeamCountry "HUN"]
[BlackTeamCountry "HUN"]

1. e4 c5 2. Nf3 g6 3. d4 Bg7 4. c3 cxd4 5. cxd4 d5 6. e5 Bg4 7. h3 Bxf3 8. Qxf3 Nc6 9. Bb5 Nh6 10. Nc3 0-0 11. Be3 Nf5 12. Rd1 e6 13. 0-0 f6 14. Bxc6 bxc6 15. exf6 Bxf6 16. Qe2 Qd6 17. g4 Nxe3 18. fxe3 Qg3+ 0-1

[Event "Budapest-chT1 Lilienthal 1011"]
[Site "Budapest"]
[Date "2010.10.03"]
[Round "2"]
[White "Csaki, Balazs"]
[Black "Kommar, Imre"]
[Result "1-0"]
[WhiteElo "1760"]
[BlackElo "2150"]
[PlyCount "55"]
[EventDate "2010.09.19"]
[EventType "team-tourn"]
[EventRounds "11"]
[EventCountry "HUN"]
[SourceTitle "EXT 2020"]
[Source "ChessBase"]
[SourceDate "2019.10.17"]
[SourceVersion "1"]
[SourceVersionDate "2019.10.17"]
[SourceQuality "1"]
[WhiteTeam "Budapest HUSI II"]
[BlackTeam "Budapest Ujpest KSE"]
[WhiteTeamCountry "HUN"]
[BlackTeamCountry "HUN"]

1. e4 e5 2. Nf3 Nf6 3. Nc3 d6 4. d4 exd4 5. Nxd4 Bd7 6. Bc4 Nc6 7. 0-0 Ne5 8. Bb3 Bg4 9. Qe1 Qe7 10. Bg5 c6 11. f4 Ned7 12. h3 Bh5 13. g4 h6 14. Nf5 Qd8 15. e5 Qb6+ 16. Kh1 0-0-0 17. Bh4 g5 18. Bf2 Qa5 19. exf6 Bg6 20. Ne7+ Bxe7 21. fxe7 Rde8 22. f5 Bxf5 23. gxf5 Qxf5 24. Kh2 Ne5 25. Bd4 Nf3+ 26. Rxf3 Qxf3 27. Bxh8 Rxe7 28. Qg3 1-0

[Event "Eger op"]
[Site "Eger"]
[Date "1992.??.??"]
[Round "?"]
[White "Kommar, Imre"]
[Black "Szekeres, Tibor"]
[Result "0-1"]
[WhiteElo "2220"]
[BlackElo "2220"]
[PlyCount "84"]
[EventDate "1992.??.??"]
[EventType "swiss"]
[EventRounds "9"]
[EventCountry "HUN"]
[SourceTitle "EXT 1997"]
[Source "ChessBase"]
[SourceDate "1996.11.15"]
[SourceVersion "1"]
[SourceVersionDate "1996.11.15"]
[SourceQuality "1"]

1. e4 c5 2. Nf3 e6 3. c4 Nc6 4. d4 cxd4 5. Nxd4 Nf6 6. f3 a6 7. Nb3 d5 8. cxd5 exd5 9. exd5 Qxd5 10. Qxd5 Nxd5 11. Bc4 Ndb4 12. Na3 b5 13. Be2 Bf5 14. 0-0 Be7 15. f4 0-0 16. g4 Be4 17. Bf3 Bxf3 18. Rxf3 Rad8 19. Bd2 Rd3 20. Raf1 Rfd8 21. Bxb4 Nxb4 22. Rxd3 Nxd3 23. Nc2 Nxb2 24. Ncd4 Rxd4 25. Nxd4 Bc5 26. Kg2 Bxd4 27. Rf3 b4 28. a3 a5 29. axb4 axb4 30. f5 f6 31. Rf4 Bc3 32. Re4 Kf7 33. Kf3 g6 34. Re6 Nc4 35. Ke4 b3 36. Rc6 b2 37. Rc7+ Kg8 38. Rc8+ Kg7 39. Rc7+ Kh6 40. g5+ Kxg5 41. Rb7 Nd6+ 42. Kd3 Nxb7 0-1